000 01355cam a2200337 a 4500
001 4409064
003 OSt
005 20230622122843.0
008 921125s1992 dcua f001 0 eng
010 _a 92243093
040 _aDLC
_cDLC
_dDLC
043 _an-us---
050 0 0 _aKF4982
_b.R5 1992
082 0 0 _a328.73/05
_220
_bRID
110 1 _aUnited States.
_bCongress.
_bSenate.
245 1 0 _aRiddick's Senate procedure :
_bprecedents and practices /
_cby Floyd M. Riddick and Alan S. Frumin ; with a foreword by Robert C. Byrd ; revised and edited by Alan S. Frumin.
260 _aWashington :
_bU.S. G.P.O.,
_c1992.
300 _axxiv, 1608 p. :
_bill. ;
_c23 cm.
490 1 _aSenate document ;
_vno. 101-28
500 _aRev. ed. of: Senate procedure. 1974.
504 _aIncludes bibliographical references and index.
610 1 0 _aUnited States.
_bCongress.
_bSenate
_xRules and practice.
700 1 _aRiddick, Floyd M.
_q(Floyd Millard),
_d1908-2000.
700 1 _aFrumin, Alan S.,
_d1946-
710 1 _aUnited States.
_bCongress.
_bSenate.
_tSenate procedure.
740 0 _aSenate procedure.
830 0 _aSenate document (United States. Congress. Senate) ;
_v101-28.
906 _a7
_bcbc
_corignew
_d2
_encip
_f19
_gy-gencatlg
942 _2ddc
_cBK
999 _c2345
_d2345